La isla menguante / (Registro nro. 13324)

Detalles MARC
000 -CABECERA
campo de control de longitud fija 01175nam a22003617a 4500
001 - NÚMERO DE CONTROL
campo de control 005423
003 - IDENTIFICADOR DEL NÚMERO DE CONTROL
campo de control DO-SdBPM
005 - FECHA Y HORA DE LA ÚLTIMA TRANSACCIÓN
campo de control 20250410105358.0
007 - CAMPO FIJO DE DESCRIPCIÓN FÍSICA--INFORMACIÓN GENERAL
campo de control de longitud fija ta
008 - DATOS DE LONGITUD FIJA--INFORMACIÓN GENERAL
campo de control de longitud fija 151029b1991 sp a || 00| 0 spa d
020 ## - NÚMERO INTERNACIONAL ESTÁNDAR DEL LIBRO
Número Internacional Estándar del Libro 8434821508
040 ## - FUENTE DE LA CATALOGACIÓN
Centro catalogador/agencia de origen DO-SdBPM
Lengua de catalogación spa
Centro/agencia transcriptor BPMSU
Normas de descripción rda
082 #4 - NÚMERO DE LA CLASIFICACIÓN DECIMAL DEWEY
Número de clasificación 863.6
Número de documento/Ítem M425i 1991
Número de edición 22
100 1# - ENTRADA PRINCIPAL--NOMBRE DE PERSONA
Nombre de persona Mateos, Pilar
Fechas asociadas al nombre 1942-
Término indicativo de función/relación autor
245 13 - MENCIÓN DE TÍTULO
Título La isla menguante /
Mención de responsabilidad, etc. Pilar Mateos ; ilustraciones Ángel Esteban
250 ## - MENCIÓN DE EDICIÓN
Mención de edición 5a. ed.
264 ## - PRODUCCIÓN, PUBLICACIÓN, DISTRIBUCIÓN, FABRICACIÓN Y COPYRIGHT
Producción, publicación, distribución, fabricación y copyright Madrid :
Nombre del de productor, editor, distribuidor, fabricante Ediciones SM,
Fecha de producción, publicación, distribución, fabricación o copyright 1991
300 ## - DESCRIPCIÓN FÍSICA
Extensión 145 páginas,
Otras características físicas ilustraciones ;
Tamaño de la unidad 20 cm
336 ## - TIPO DE CONTENIDO
Término de tipo de contenido rdacontent
Código de tipo de contenido texto
Fuente txt
337 ## - TIPO DE MEDIO
Nombre/término del tipo de medio rdamedia
Código del tipo de medio sin mediación
Fuente n
338 ## - TIPO DE SOPORTE
Nombre/término del tipo de soporte rdacarrier
Código del tipo de soporte volumen
Número de control del registro de autoridad o número normalizado nc
490 0# - MENCIÓN DE SERIE
Mención de serie El barco de vapor
-- Serie Naranja
Designación de volumen o secuencia 43
521 ## - NOTA DE PÚBLICO DESTINATARIO
Nota de público destinatario A partir de 9 años.
585 ## - NOTA DE EXPOSICIONES
Nota de exposiciones Premio Lazarillo 1982, El barco de vapor 1981
Especificación de materiales
586 ## - NOTA DE PREMIOS
Nota de premios Premio Lazarillo, 1982
586 ## - NOTA DE PREMIOS
Nota de premios Premio El barco de vapor, 1981
590 ## - NOTA LOCAL (RLIN)
Nota local Inventariado, 2025/VM
650 #7 - PUNTO DE ACCESO ADICIONAL DE MATERIA--TÉRMINO DE MATERIA
Término de materia o nombre geográfico como elemento de entrada Cuentos infantiles españoles
650 #7 - PUNTO DE ACCESO ADICIONAL DE MATERIA--TÉRMINO DE MATERIA
Término de materia o nombre geográfico como elemento de entrada Literatura infantil española
700 1# - PUNTO DE ACCESO ADICIONAL--NOMBRE DE PERSONA
Nombre de persona Esteban, Ángel
Término indicativo de función/relación ilustraciones
910 ## - DATOS DE OPCIÓN DEL USUARIO (OCLC)
Datos de opción del usuario YLOCKWARD/ VMateo V. Control de calidad. BPMSU
942 ## - ELEMENTOS DE PUNTO DE ACCESO ADICIONAL (KOHA)
Fuente del sistema de clasificación o colocación Dewey Decimal Classification
Tipo de ítem Koha Libros
Existencias
Estado de retiro Estado de pérdida Fuente del sistema de clasificación o colocación No para préstamo Código de colección Localización permanente Ubicación/localización actual Fecha de adquisición Fuente de adquisición Total de préstamos Código de barras Fecha visto por última vez Precio válido a partir de Tipo de ítem Koha Signatura topográfica completa
    Dewey Decimal Classification   Colección Infantil General Biblioteca Pública Metropolitana Salomé Ureña Biblioteca Pública Metropolitana Salomé Ureña 02/20/2018 Donación   BPMSU18020206 02/20/2018 02/20/2018 Libros  
    Dewey Decimal Classification   Colección Infantil General Biblioteca Pública Metropolitana Salomé Ureña Biblioteca Pública Metropolitana Salomé Ureña 04/10/2025     BPMSU25040034 04/10/2025 04/10/2025 Libros BPMSU CGI 863.6 M425i 1991